Tratamiento impositivo de turismo (Registro nro. 47)
[ vista simple ]
| 000 -LEADER | |
|---|---|
| fixed length control field | 01335 a2200265 4500 |
| 001 - CONTROL NUMBER | |
| control field | 63 |
| 005 - DATE AND TIME OF LATEST TRANSACTION | |
| control field | 20260407155406.0 |
| 008 - FIXED-LENGTH DATA ELEMENTS--GENERAL INFORMATION | |
| fixed length control field | 260407a2006 arg spa d |
| 003 - CONTROL NUMBER IDENTIFIER | |
| control field | AR-UNSa-BCEJYS |
| 040 ## - CATALOGING SOURCE | |
| Original cataloging agency | AR-UNSa-BCEJYS |
| Language of cataloging | spa |
| Transcribing agency | AR-UNSa-BCEJYS |
| 080 ## - UNIVERSAL DECIMAL CLASSIFICATION NUMBER | |
| Universal Decimal Classification number | 336.226.4:379.85 |
| Common auxiliary subdivision | Impuestos al Turismo |
| 020 ## - INTERNATIONAL STANDARD BOOK NUMBER | |
| International Standard Book Number | 978-987-1140-46-6 |
| 041 ## - LANGUAGE CODE | |
| Language code of text/sound track or separate title | spa |
| 100 1# - MAIN ENTRY--PERSONAL NAME | |
| Personal name | Scaletta, Rubén A. |
| 245 10 - TITLE STATEMENT | |
| Title | Tratamiento impositivo de turismo |
| Name of part/section of a work | Agencias de viajes y hostelería |
| 250 ## - EDITION STATEMENT | |
| Edition statement | 2a. ed |
| 264 #1 - PRODUCTION, PUBLICATION, DISTRIBUTION, MANUFACTURE, AND COPYRIGHT NOTICE | |
| Place of production, publication, distribution, manufacture | Buenos Aires : |
| Name of producer, publisher, distributor, manufacturer | Osmar D. Buyatti |
| Date of production, publication, distribution, manufacture, or copyright notice | 2006 |
| 300 ## - PHYSICAL DESCRIPTION | |
| Extent | 222 p. |
| Dimensions | 22 cm. |
| 505 ## - FORMATTED CONTENTS NOTE | |
| Formatted contents note | 1. Introducción - 2. Encuadre jurídico - 3. Breve descripción de la operatoria - 4. El impuesto al valor agregado y las agencias de viaje - 5. Régimen simplificado o monotributo - 6. Reintegro artículo 43 de la ley de IVA - 7. Otros tributos - 8. Impuesto a los ingresos brutos - 9. La hotelería y el turismo - 10. Territorio Nacional de Tierra del Fuego, Antártida e Islas del Atlántico Sur - 11. Algunos aspectos relacionados con las fiscalizaciones - 12. Marco legal |
| 590 ## - LOCAL NOTE (RLIN) | |
| Local note | niveau_biblio:m niveau_hierar:0 |
| 700 1# - ADDED ENTRY--PERSONAL NAME | |
| Personal name | Gimenez, Enrique M. |
| 700 1# - ADDED ENTRY--PERSONAL NAME | |
| Personal name | Spina, Carlos E. |
| 856 41 - ELECTRONIC LOCATION AND ACCESS | |
| Uniform Resource Identifier | <a href="https://biblioeco.unsa.edu.ar/pmb/images/libros/Tratamiento impositivo de turismo-l116437.jpg">https://biblioeco.unsa.edu.ar/pmb/images/libros/Tratamiento impositivo de turismo-l116437.jpg</a> |
| Link text | Imagen de portada |
| Electronic format type | image/jpeg |
| 942 ## - ADDED ENTRY ELEMENTS (KOHA) | |
| Koha item type | |
| Withdrawn status | Lost status | Damaged status | Not for loan | Home library | Current library | Shelving location | Date acquired | Total checkouts | Full call number | Barcode | Date last seen | Price effective from | Koha item type |
|---|---|---|---|---|---|---|---|---|---|---|---|---|---|
| Biblioteca Prof. Eusebio Cleto del Rey | Biblioteca Prof. Eusebio Cleto del Rey | 07/04/2026 | 336.226.4:379.85 S281 | L116437 | 07/04/2026 | 07/04/2026 | Libro |